Entre dos muertes: el crimen en la pareja /

Las investigadoras estudian el tema de la violencia en la pareja específicamente el crimen en la pareja pero desde la mujer como sujeto que comete el crimen desde la psicología. El estudio busca las causas del crimen, de dicho acto de violencia en la mujer, narrado a partir de estudios de caso de mu...

Ful tanımlama

Kaydedildi:
Detaylı Bibliyografya
Yazar: Chacón Echeverría, Laura
Diğer Yazarlar: Kaufmann Kappari, Etty Hellen
Materyal Türü: Metin
Konular:
Etiketler: Etiketle
Etiket eklenmemiş, İlk siz ekleyin!

MARC

LEADER 00000 a a2200000 04500
001 8932
003
040
100 |a Chacón Echeverría, Laura  
245 |a Entre dos muertes: el crimen en la pareja /  |c Laura Chacón Echeverría  
520 |a Las investigadoras estudian el tema de la violencia en la pareja específicamente el crimen en la pareja pero desde la mujer como sujeto que comete el crimen desde la psicología. El estudio busca las causas del crimen, de dicho acto de violencia en la mujer, narrado a partir de estudios de caso de mujeres costarricenses  
650 |a VIOLENCIA  
650 |a VIOLENCIA INTRAFAMILIAR  
650 |a MUJERES  
650 |a COSTA RICA  
700 |a Kaufmann Kappari, Etty Hellen  
773 |g volumen 5, número 5; 13 página  
999 |c 20306  |d 20306